| 000 | 01746cam a2200469 a 4500 | ||
|---|---|---|---|
| 001 | 20968 | ||
| 003 | VRT | ||
| 005 | 20260207124235.0 | ||
| 008 | 230403s1951 xo 000 d slo | ||
| 015 | _aSNBA19451955-001286 | ||
| 035 | _aSK01SNKBKSFS20010058569 | ||
| 035 | _aurn:nbn:sk:snk-am3i3rn | ||
| 035 | _a100E20F2-ABB2-48DC-A7A2-2EDBF83BCB45 | ||
| 035 | _aurn:nbn:sk:snk-am00diw8 | ||
| 035 | _aSKM000061032 | ||
| 039 | 9 |
_a202304032039 _bVLOAD _c202212050952 _dVLOAD _c202205120819 _dVLOAD _c202010230724 _dmsnk162 |
|
| 040 |
_aSNK _bslo _cSNK _eAACR2 |
||
| 041 | 1 |
_aslo _hcze |
|
| 044 |
_axo _cSK |
||
| 080 |
_a821.162.3-2=162.4 _22001 |
||
| 100 | 1 |
_aCach, Vojtěch, _d1914-1980 _4aut |
|
| 240 | 1 | 0 |
_aDuchcovský viadukt _lSlovensky |
| 245 | 1 | 0 |
_aDuchcovský viadukt _bhra v 5 dejstvách _cVojtech Cach ; [z češtiny (Duchcovský viadukt ...) preložil Ján I. Straka] |
| 250 | _a1. vyd. | ||
| 260 |
_aMartin _bMatica slovenská _c1951 _eMartin _fNeografia |
||
| 300 |
_a90, [1] s. _c8° |
||
| 366 | _e3300 výtl. | ||
| 490 | 1 |
_aPrekladová divadelná knižnica _vsv. 15 |
|
| 655 | 7 |
_ačeské drámy _2SNKPH |
|
| 700 | 1 |
_aStraka, Ján I., _d1913-1974 _4trl |
|
| 700 | 1 |
_aTvarožek, Eduard Vladimír, _d1920-1999 _4red |
|
| 830 | 0 | _aPrekladová divadelná knižnica | |
| 910 | _asnk | ||
| 942 |
_2ddc _cKLDO _n0 |
||
| 949 |
_617A0662573 _asnkSD 6934/15 D2 _bsnkF 5458/62 |
||
| 949 |
_617A0662572 _asnkSD 6934/15 D3 _bsnkD 53/64 |
||
| 949 |
_617A0515857 _asnkSD 6934/15 D1 _bsnkKSF 2822/56 |
||
| 949 |
_6270001000456869 _asvkbbS 3444 _bsvkbbm 40294 |
||
| 949 |
_62889183791 _asavukM 9849 |
||
| 949 |
_617A0912089 _asnkSD 6934/15 _bsnk1744/51 _oI. 343/51 - evidenčné číslo _s6100:20190903 |
||
| 999 |
_c20968 _d20968 |
||